| 000 | 00556nam a2200193Ia 4500 | ||
|---|---|---|---|
| 003 | GCL | ||
| 008 | 140319s9999 xx 000 0 ara d | ||
| 040 |
_aGCL / _cGCL |
||
| 082 | 0 | 4 |
_a962.02 _bا ف |
| 100 | 1 | _aاحمد حافظ عوض | |
| 245 | 1 | 0 |
_aفتح مصر الحديث اونابليون بونابارت فى مصر / _cاحمد حافظ عوض |
| 260 |
_a[S.N] : _bدار الكتب المصرية |
||
| 300 | _a438 ص | ||
| 490 | _a | ||
| 650 | 0 | 4 | _aالعصر الحديث |
| 650 | 0 | 4 | _aمصر |
| 650 | 0 | 4 | _aتاريخ |
| 942 |
_2ddc _cBK |
||
| 999 |
_c58689 _d58689 |
||